Structural unemployment : theory and meaurement (Record no. 496409)

000 -LEADER
fixed length control field 00340cam a22001097a 4500
008 - FIXED-LENGTH DATA ELEMENTS--GENERAL INFORMATION
fixed length control field 180718b1969 xxu||||| |||| 00| 0 eng d
082 ## - DEWEY DECIMAL CLASSIFICATION NUMBER
Classification number R112x71 C16
100 ## - MAIN ENTRY--PERSONAL NAME
Personal name Penz, G. Peter
245 ## - TITLE STATEMENT
Title Structural unemployment : theory and meaurement
Statement of responsibility, etc. by G. Peter Penz
260 ## - PUBLICATION, DISTRIBUTION, ETC.
Place of publication, distribution, etc. Canada
Name of publisher, distributor, etc. Department Of manpower And Immigration
Date of publication, distribution, etc. 1969
300 ## - PHYSICAL DESCRIPTION
Extent 91p.
Holdings
Withdrawn status Lost status Damaged status Not for loan Permanent Location Current Location Date acquired Full call number Barcode Date last seen Price effective from Koha item type
        Indian Institute of Public Administration Indian Institute of Public Administration 2018-08-04 R112x71 C16 GG13503 2018-08-04 2018-08-04 GG

Powered by Koha